000 00303nam a22001337a 4500
008 170809b xxu||||| |||| 00| 0 eng d
020 _a9790130843707
041 _aeng
080 _a004
100 _a35
101 _aSHKI
245 _aDATA & COMPUTER COMMUNICATIONS
_cSTALLINGS, W
942 _2udc
_cBK
999 _c23019
_d23019